| 000 | 01099nam a22001937a 4500 | ||
|---|---|---|---|
| 005 | 20231120122627.0 | ||
| 010 | _aHIN-126353 | ||
| 020 | _c300.00 | ||
| 035 | _aHN-98699 | ||
| 037 | _bDBAD/PUB | ||
| 082 | _a305.5 | ||
| 100 |
_aपारे, डॉ धर्मेन्द्र _958860 |
||
| 245 |
_aगोंड़ देवलोक/ _cडॉ धर्मेन्द्र पारे और संपादक डॉ कपिल तिवारी |
||
| 260 |
_aमध्यप्रदेश _bआदिवासी लोक कला एवं तुलसी साहित्य अकादमी _c2021 |
||
| 270 |
_aमध्यप्रदेश संस्कृति परिषद् मुल्ला रमुजी संस्कृति भवन, आधार तल, _bमध्यप्रदेश _k91-0755-2551878 |
||
| 300 |
_a236पिष्ट. _c22 (सजिल्द) |
||
| 700 |
_aजैन, मनोज तिवारी, डॉ कपिल और मिश्र, अशोक _958861 |
||
| 942 |
_cHN _2ddc _h305.5 _mपारे |
||
| 999 |
_c199157 _d199157 |
||